000
00286nam a22001217a 4500
008
170525b xxu||||| |||| 00| 0 eng d
041
_a
eng
080
_a
004.4
100
_a
16
101
_a
IM
245
_a
ROBOTICS AND FACTORIES OF THE FUTURE
_c
DWIVED.S.N
942
_2
udc
_c
BK
999
_c
14272
_d
14272